000 00516nam a2200181Ia 4500
005 20250603144737.0
008 250603s9999 xx 000 0 und d
020 _a9789351116264
050 _aHV 6025 .P66/
100 _aPoonam, Rani
245 0 _aCrime and society
260 _aNew Delhi
260 _bRandom Publications
260 _c2015
300 _a298 p
650 _aNew Delhi
942 _cBK
999 _c39819
_d39819